000 00479nam a22001937a 4500
003 MPLRDC
005 20220104143418.0
008 210129b ||||| |||| 00| 0 eng d
020 _a957-708-312-9
082 _a848.2 XY-3 v.7 c.2
100 _a小野
245 _a小野之家
_c
250 _a初版一刷
260 _a
_b麦田出版股份有限公司
_c1995
300 _b
490 _a麦田文学;65
650 _a现代别集
942 _cBK
_o848.2 XY-3 v.7 c.2
999 _c39645
_d39635